Loreto College Library, Kolkata
WEBOPAC (ONLINE PUBLIC ACCESS CATALOGUE)

Essentials of practical geography (Record no. 44290)

MARC details
000 -LEADER
fixed length control field 00546nam a22002057a 4500
005 - DATE AND TIME OF LATEST TRANSACTION
control field 20260325085229.0
008 - FIXED-LENGTH DATA ELEMENTS--GENERAL INFORMATION
fixed length control field 260325b |||||||| |||| 00| 0 eng d
020 ## - ISBN | অাই এস বি এন
ISBN | অাই এস বি এন 978-93-93325-59-4
PRICE Rs.659.00
040 ## - CATALOGING SOURCE
Original cataloging agency Loreto College
041 ## - LANGUAGE CODE
Language code English
082 ## - DDC | ডিউই
Classification number | বর্গসংখ্যা 526
Book Number | গ্রন্থাঙ্ক KHU
100 ## - MAIN ENTRY--PERSONAL NAME | মুখ্য সংলেখ - ব্যাক্তিনাম
Personal name | ব্যাক্তিনাম Khullar,D.R.
245 ## - TITLE STATEMENT | অাখ্যা বিবরণী
Title | অাখ্যা Essentials of practical geography
Statement of responsibility | লেখকের দায়িত্বের বিবরণ D.R.Khullar
260 ## - IMPRINT | প্রকাশনা ক্ষেত্র
Place of publication | প্রকাশ স্থান Jalandhar
Name of publisher | প্রকাশকের নাম New Academic Publishing
Date of publication | প্রকাশ কাল 2023
300 ## - PHYSICAL DESCRIPTION |
Page / Vol. No | পৃষ্ঠা / খন্ড সংখ্যা 496p.;24cm.
650 ## - SUBJECT ADDED ENTRY--TOPICAL TERM | বিষয় শিরোনাম - মূল বিষয়
Topical term | মূল বিষয় Geography
650 ## - SUBJECT ADDED ENTRY--TOPICAL TERM | বিষয় শিরোনাম - মূল বিষয়
Topical term | মূল বিষয় Practical geography
850 ## - HOLDING INSTITUTION
Holding institution LCLIB
942 ## - ADDED ENTRY ELEMENTS (KOHA)
Koha item type Books
Holdings
Withdrawn status Lost status Source of classification Damaged status Not for loan Home library Current library Date acquired Price Total Checkouts Full call number Accession No. Date last seen Price effective from Koha item type Coded location qualifier
    Dewey Decimal Classification     Loreto College Loreto College 25/03/2026 659.00   526 KHU 54999 48478 25/03/2026 25/03/2026 Books